Racialized boundaries : (Record no. 254)
[ view plain ]
| 000 -LEADER | |
|---|---|
| fixed length control field | 00659pam a2200205 a 4500 |
| 001 - CONTROL NUMBER | |
| control field | 3434276 |
| 005 - DATE AND TIME OF LATEST TRANSACTION | |
| control field | 20240201013848.0 |
| 008 - FIXED-LENGTH DATA ELEMENTS--GENERAL INFORMATION | |
| fixed length control field | 911114s1992 enk b 001 0 eng |
| 020 ## - INTERNATIONAL STANDARD BOOK NUMBER | |
| ISBN | 0415018137 |
| 040 ## - CATALOGING SOURCE (பட்டியலாக்க மூலம்) | |
| Original cataloging agency | DLC |
| Transcribing agency | DLC |
| Modifying agency | DLC |
| 082 00 - DDC Classification | |
| Class No. | 305.8 |
| DDC Edition Number | 20 |
| Item Number - Author Mark | RAC. |
| 100 1# - MAIN ENTRY--PERSONAL NAME | |
| Personal name | Anthias, Floya, |
| 245 10 - TITLE STATEMENT | |
| Title | Racialized boundaries : |
| Remainder of title | race, nation, gender, colour, and class and the anti-racist struggle / |
| Statement of responsibility, etc. | Floya Anthias and Nira Yuval-Davis, in association with Harriet Cain. |
| 260 ## - PUBLICATION, DISTRIBUTION, ETC. | |
| Place of publication, distribution, etc. | London ; |
| -- | New York : |
| Name of publisher, distributor, etc. | Routledge, |
| Date of publication, distribution, etc. | 1992. |
| 300 ## - PHYSICAL DESCRIPTION | |
| Extent (e.g. Volumes, Pages etc.) | ix, 226 p. ; |
| 650 #0 - SUBJECT ADDED ENTRY--TOPICAL TERM | |
| Topical term or geographic name entry element | Racism |
| 700 2# - ADDED ENTRY--PERSONAL NAME | |
| Personal name | Yuval-Davis, Nira. |
| Relator term (Role) | Editor |
| 700 1# - ADDED ENTRY--PERSONAL NAME | |
| Personal name | Cain, Harriet. |
| Relator term (Role) | Editor |
| 942 ## - Koha item type (Biblio) | |
| Koha item type | Books in Stacks (Lending) |
No items available.
